| 000 | 00642nam a2200205 a 4500 | ||
|---|---|---|---|
| 001 | 000018818 | ||
| 005 | 20200929165849.0 | ||
| 008 | 100519s1974 ch r 000 p spa d | ||
| 040 |
_aDO-SdBNP _bspa _cBNPHU |
||
| 082 |
_aCH861.42 _bD542r |
||
| 100 | 1 |
_aDíaz Casanueva, Humberto, _d1907- _940571 |
|
| 245 | 1 | 0 |
_aRequiem / _cHumberto Díaz Casanueva ; prólogo Gabriela Mistral. |
| 260 |
_aSantiago, Chile : _bUniversal, _c1974. |
||
| 300 |
_a22 p. ; _c21 cm. |
||
| 650 | 4 |
_aPoesía chilena _99166 |
|
| 650 | 4 |
_aPoesía religiosa _922994 |
|
| 650 | 4 |
_aLiteratura chilena _93164 |
|
| 700 | 1 |
_aMistral, Gabriela, _epról. _940572 |
|
| 049 | _aBNGR | ||
| 999 |
_c18338 _d18338 |
||